书目信息 |
| 题名: |
在职人员申请硕士学位全国英语统考模拟题
|
|
| 作者: | 徐正华 编 | |
| 分册: | ||
| 出版信息: | 天津 天津大学出版社 1999.03 |
|
| 页数: | 416页 | |
| 开本: | 20cm | |
| 丛书名: | ||
| 单 册: | ||
| 中图分类: | H319.6 | |
| 科图分类: | ||
| 主题词: | 英语 | |
| 电子资源: | ||
| ISBN: | 7-5618-1145-4 | |
| 000 | 00625nam0 2200193 45 | |
| 001 | 0133818110 | |
| 005 | 2001121509233773 | |
| 010 | @a7-5618-1145-4@dRMB 18.20 | |
| 100 | @a20011215d1999 km y0chiy0120 ea | |
| 101 | 0 | @achi |
| 102 | @aCN@b120000 | |
| 200 | 1 | @a在职人员申请硕士学位全国英语统考模拟题@AZai Zhi Ren Yuan Shen Qing Shuo Shi Xue Wei Quan Guo Ying Yu Tong Kao Mo Ni Ti@f徐正华等编@FXu Zheng Hua Deng Bian |
| 210 | @a天津@c天津大学出版社@d1999.03 | |
| 215 | @a416页@d20cm | |
| 606 | 0 | @a英语 |
| 690 | @aH319.6@v3 | |
| 701 | 0 | @a徐正华@AXu Zheng Hua@4编 |
| 801 | 0 | @aCN@bPFT@c20011215 |
| 905 | @a安徽大学@dH319.6@eX311 | |
| 在职人员申请硕士学位全国英语统考模拟题/徐正华等编.-天津:天津大学出版社,1999.03 |
| 416页;20cm |
| ISBN 7-5618-1145-4:RMB 18.20 |
| ● |
| 相关链接 |
|
|
|
正题名:在职人员申请硕士学位全国英语统考模拟题
索取号:H319.6/X311
 
预约/预借
| 序号 | 登录号 | 条形码 | 馆藏地/架位号 | 状态 | 备注 |
| 1 | 64957 | 200649575 | 语言库209/209语言库 58排1列4层/ [索取号:H319.6/X311] | 在馆 | |
| 2 | 64958 | 200649584 | 语言库209/209语言库 58排1列4层/ [索取号:H319.6/X311] | 在馆 | |
| 3 | 64959 | 200649593 | 自科二线504/504自科库 46排4列1层/ [索取号:H319.6/X311] | 在馆 | |
| 4 | 64960 | 200649600 | 语言库209/209语言库 58排1列4层/ [索取号:H319.6/X311] | 在馆 | |
| 5 | 64961 | 200649619 | 自科二线504/504自科库 46排4列1层/ [索取号:H319.6/X311] | 在馆 |